00000000nam##2200000za#4500
0019.535872
003CaOODSP
00520200327073158
007ta
008150406|2002||||xxc|||||     f|0| 0 eng|d
020 |a0-660-61807-9
040 |aCaOODSP|beng
041 |aeng
041 |afre
043 |an-cn---
0861 |aBT31-2/2003-III-68
1101 |aCanada. |bTreasury Board.
24510|aStatistics Canada
260 |aOttawa - Ontario : |bTreasury Board of Canada Secretariat |c2002.
300 |aEnglish text, 52p. : |btables ; |c28 cm.
4901 |a2002-2003 estimates, part III: report on plans and priorities
546 |aBilingual
563 |aSoftcover
590 |a02-14|b2002-04-05
69007|aEstimates|2gcpds
69007|aFederal institutions|2gcpds
69007|aStatistics|2gcpds
7760#|tStatistics Canada, 2002-2003 estimates, part III, report on plans and priorities |w(CaOODSP)9.568125
7760#|tStatistique Canada, budget des dépenses 2002-2003, partie III, rapport sur les plans et les priorités |w(CaOODSP)9.599419
792 |tStatistique Canada |efre|w(CaOODSP)9.535873
830#0|a2002-2003 estimates, part III: report on plans and priorities.|w(CaOODSP)9.508968